000 00368 a2200169 4500
001 186552
020 _a85-08-06625/7
040 _cMagnum
100 _aRankin, Joan
240 1 0 _aUau! ser pato é o máximo!
_lpor
245 1 0 _aUau! ser pato é o máximo!
300 _a30
362 0 _a1997
440 1 _aÁtica
697 _aLITERATURA INFANTO
942 _cBK
999 _c186552
_d186552